000 00707nam a2200253 a 4500
001 BRCA_6385
005 20190320205432.0
008 021208s1961----mx-a---###---#000-0#eng-u
041 _aeng
044 _amx
050 4 _aF1211
_b.M39 2 1961
100 1 _aMayer, William
_97634
245 1 0 _aEarly Travellers in Mexico
_b1534 to 1816
_cWilliam Mayer.
260 _aMéxico
_bCultura
_c1961
300 _aix, 176 p.
_bil., mapas
_c23 cm.
500 _aIncluye índice de ilustraciones
500 _aEjemplar igual a AA47 e Y40
500 _aCEF71
650 1 4 _aViajeros
_92677
651 4 _aMéxico
_xDescripción y viajes
_9103
651 4 _aMéxico
_xHistoria
_9614
902 _aGFM
942 _2lcc
_cB
999 _c6071
_d6071